Journal of chemical education software; special issue 9 = Titration techniques

Gardado en:
Detalles Bibliográficos
Autor Principal: Jerrold J. Jacobsen
Formato: Libro
Idioma:Undetermined
Publicado: Madison, WI Univ. of Wiscosin-Madison 1995
Những chủ đề:
Các nhãn: Engadir etiqueta
Sen Etiquetas, Sexa o primeiro en etiquetar este rexistro!
Thư viện lưu trữ: Trung tâm Học liệu Trường Đại học Cần Thơ
LEADER 00621nam a2200205Ia 4500
001 CTU_55062
008 210402s9999 xx 000 0 und d
020 |b 14350 
082 |a 540 
082 |b J86/sp9 
100 |a Jerrold J. Jacobsen 
245 0 |a Journal of chemical education software; special issue 9 
245 0 |b = Titration techniques 
245 0 |c Jerrold J. Jacobsen, John Zimmerman and Gerald Zweerind 
260 |a Madison, WI 
260 |b Univ. of Wiscosin-Madison 
260 |c 1995 
650 |a chemistry 
650 |x laboratory manuals 
980 |a Trung tâm Học liệu Trường Đại học Cần Thơ